000 04593cam a22005057a 4500
005 20090121151616.0
008 041027s2004 dcua j b 001 0 eng d
010 _aB-330173-187
020 _a9788179912980
_c55.00
035 _aB-330173-187
035 _aB-358509
037 _bPUB
040 _adpl
082 _a571.81
100 _aStephens, Catherine.
245 _aLife cycles /
_cby Catherine Stephens
260 _aWashington, D.C. :
_bNational Geographic Society,
_cc2004.
300 _a32p.
_bcol. ill.
_c23cm. (pbk)
440 _aReading expeditions.
500 _aOriginally published by National Geographic under the reading expeditions series
520 _aIntroduces the concept of metamorphosis in the life cycles of some animals, insects and amphibians.
650 _aAnimal life cycles
_vJuvenile literature.
650 _aLife cycles (Biology)
_vJuvenile literature.
710 _aNational Geographic Society (U.S.)
942 _2ddc
_cCH
_h571.81
_mSTE
999 _c22014
_d22014